000 00762nam a2200217Ii 4500
003 JO-AjNU
008 230605s9999||||xx |||||||||||||| ||und||
017 _a1988/8/714
040 _aJO-AjNU
_bara
_erda
_cJO-AjNU
041 _aara
050 1 4 _aJA81.A9264.1988
100 3 _aالعزام ،عبدالمجيد عرسان، م.مشارك الزعبي ، محمود ساري,
_eauthor
_938805
245 0 0 _aدراسات في علم السياسة
250 _a(د،ط)
264 3 1 _aعمان : عبدالمجيد عرسان العزام /محمود ساري الزعبي ،1988
300 _a238ص
336 _atext
_btxt
_2rdacontent
337 _aunmediated
_bn
_2rdamedia
338 _avolume
_bnc
_2rdacarrier
650 4 _aسياسة - علم
_938806
999 _aA16334
_c19902
_d19902